000 00283nam a22001217a 4500
003 OSt
008 220304b ||||| |||| 00| 0 eng d
082 _a894
_bSAN/Ay
100 _akaanipayur sankaran nambuthiri
_95190
245 _aAyyanmarude kudiyetam
260 _c1965
942 _cBK
999 _c17505
_d17505